000 00656nam a2200241Ia 4500
003 OSt
005 20220925203050.0
006 a|||||r|||| 00| 0
007 ta
008 220923b |||||||| |||| 00| 0 eng d
037 _cGeneral Book
040 _aRTL
_cRTL
_beng
041 _2eng
_aeng
082 _aX9(J).2.N7, L1
100 _aAgrawal G D
245 0 _aEconomic theory as applied to agriculture
260 _aDelhi
_bVikas India
_c1971
300 _avi,253p.
_ccm.
650 _aIndusty
_9231993
700 _a Bansil P C
942 _hX9(J).2.N7, L1
_cGB
_2CC
999 _c545074
_d545074